Giáo trình kỹ nghệ phần mềm /

Uloženo v:
Podrobná bibliografie
Hlavní autor: Nguyễn, Văn Vỵ
Médium: Kniha
Jazyk:Vietnamese
Vydáno: ĐHQG.HN 2008
Tagy: Přidat tag
Žádné tagy, Buďte první, kdo otaguje tento záznam!
Thư viện lưu trữ: Mạng thư viện Đại học Đà Nẵng
LEADER 00643nam a2200265 4500
001 000027417
003 GTM
005 20150406120000.0
008 150406s vm 000 vie
020 |c 0,0000 
040 |a notts 
100 |a Nguyễn, Văn Vỵ 
245 |a Giáo trình kỹ nghệ phần mềm /  |c Nguyễn VănVỵ, Nguyễn Việt Hà. 
260 |b ĐHQG.HN  |c 2008 
OWN |a LTT 
999 |a From the UDN01 
TYP |a Monograph 
TYP |a Printed language 
980 |a Mạng thư viện Đại học Đà Nẵng